La creación de los Estados Unidos: la sociedad y la cultura de los Estados Unidos
Збережено в:
| Автор: | |
|---|---|
| Формат: | Книга |
| Мова: | Іспанська |
| Опубліковано: |
Washington, D.C
Servicio Cultural e Informativo de los Estados Unidos
1990
|
| Редагування: | 1a. ed |
| Серія: | Forum
|
| Предмети: | |
| Теги: |
Додати тег
Немає тегів, Будьте першим, хто поставить тег для цього запису!
|
MARC
| LEADER | 00000cam a2200000 a 4500 | ||
|---|---|---|---|
| 001 | UCG9751 | ||
| 003 | CL-VaPUC | ||
| 008 | 120330e19900000US |||||||||||||||||spa|d | ||
| 082 | 0 | 4 | |a 973.9 |b LUE |2 21 |
| 100 | |a Luedtke, Luther S. |e autor |9 561412 | ||
| 245 | 1 | 3 | |a La creación de los Estados Unidos: la sociedad y la cultura de los Estados Unidos |
| 250 | |a 1a. ed | ||
| 300 | |a 393 p | ||
| 942 | |c BK | ||
| 945 | |d 20120330 00:00:00 |a dcastane | ||
| 260 | |a Washington, D.C |b Servicio Cultural e Informativo de los Estados Unidos |c 1990 | ||
| 650 | 7 | |a HISTORIA DE LOS ESTADOS UNIDOS SIGLO 20 |2 CL-VaPUC |9 520253 | |
| 650 | 0 | |a Civilizaciones |9 267192 | |
| 650 | 0 | |a Desarrollo cultural |9 267526 | |
| 583 | |a last modification |c 20120330 10:33:00 |k Rodrigo Vera | ||
| 490 | 0 | |a Forum | |
| 999 | |c 347294 |d 347292 | ||
| 952 | |0 0 |1 0 |4 0 |6 973_900000000000000_LUE_1990 |7 0 |8 A |9 448548 |a BIBEDU |b BIBEDU |d 2019-11-22 |i 4841905 |o 973.9 LUE 1990 |p 4841905 |r 2019-11-22 |w 2019-11-22 |y BK |k LIT | ||